BUBT Library Online Catalog

আইন - ই - আকবরী। (Record no. 2955)

000 -LEADER
fixed length control field 00541nam a2200157Ia 4500
008 - FIXED-LENGTH DATA ELEMENTS--GENERAL INFORMATION
fixed length control field 151213s9999 xx 000 0 und d
020 ## - INTERNATIONAL STANDARD BOOK NUMBER
International Standard Book Number 984-074338-4
100 ## - MAIN ENTRY--PERSONAL NAME
Personal name আবুল ফজল আল্লামী ।
245 ## - TITLE STATEMENT
Title আইন - ই - আকবরী।
Statement of responsibility, etc. আবুল ফজল আল্লামী ।
250 ## - EDITION STATEMENT
Edition statement ১ম সং
260 ## - PUBLICATION, DISTRIBUTION, ETC. (IMPRINT)
Place of publication, distribution, etc. ঢাকা
Name of publisher, distributor, etc. বাংলা একাডেমী
Date of publication, distribution, etc. 2003
300 ## - PHYSICAL DESCRIPTION
Extent 4597 p.
650 ## - SUBJECT ADDED ENTRY--TOPICAL TERM
Topical term or geographic name as entry element Bangla
700 ## - ADDED ENTRY--PERSONAL NAME
Personal name আবুল ফজল আল্লামী ।

No items available.

More Information About Library

Library Hours

  • Open: 9.00 am. to 9.00 pm.
  • Only Sunday: 9.00 am. to 6.00 pm.
  • Closed: Holiday

Contact to the University

Bangladesh University of Business and Technology Library

  • Mirpurl-2, 1216.
  • Phone:
  • Fax:
  • E-Mail: admin.library@bubt.edu.bd

Contact to the Library

Contact Person:

Md. Abdul Hakim Shah
Joint Librarian
PABX No:  113
Cell No: 01816332931
E-mail: official: admin.library@bubt.edu.bd
Personal: hakim.shah@bubt.edu.bd


BUBT Library

Copyright © 2021